<?xml version="1.0" encoding="UTF-8"?>
<record
    xmlns:xsi="http://www.w3.org/2001/XMLSchema-instance"
    xsi:schemaLocation="http://www.loc.gov/MARC21/slim http://www.loc.gov/standards/marcxml/schema/MARC21slim.xsd"
    xmlns="http://www.loc.gov/MARC21/slim">

  <leader>00633nam a22001217a 4500</leader>
  <datafield tag="040" ind1=" " ind2=" ">
    <subfield code="c">RUA</subfield>
  </datafield>
  <datafield tag="100" ind1=" " ind2=" ">
    <subfield code="a">CHUM SOPHEAKTHRA,&#x1787;&#x17BB;&#x17C6; &#x179F;&#x17BB;&#x1797;&#x17D0;&#x178F;&#x17D2;&#x179A;&#x17D2;&#x178F;&#x17B6;</subfield>
  </datafield>
  <datafield tag="245" ind1=" " ind2=" ">
    <subfield code="a">STUDY ON LAND MARKET IN SKOUS COMMUNE,SAMRONGTONG DISTRICT, KAMPONG SPEU PROVINCE,&#x1780;&#x17B6;&#x179A;&#x179F;&#x17B7;&#x1780;&#x17D2;&#x179F;&#x17B6;&#x17A2;&#x17C6;&#x1796;&#x17B8;&#x178F;&#x17B8;&#x1795;&#x17D2;&#x179F;&#x17B6;&#x179A;&#x178A;&#x17B8;&#x1792;&#x17D2;&#x179B;&#x17B8;&#x1793;&#x17C5;&#x1783;&#x17BB;&#x17C6; &#x179F;&#x17D2;&#x1782;&#x17BB;&#x17C7; &#x179F;&#x17D2;&#x179A;&#x17BB;&#x1780;&#x179F;&#x17C6;&#x179A;&#x17C4;&#x1784;&#x1791;&#x1784; &#x1781;&#x17C1;&#x178F;&#x17D2;&#x178F;&#x1780;&#x17C6;&#x1796;&#x1784;&#x17CB;&#x179F;&#x17D2;&#x1796;&#x17BA;</subfield>
  </datafield>
  <datafield tag="260" ind1=" " ind2=" ">
    <subfield code="a">phnom penh</subfield>
    <subfield code="b">rua</subfield>
    <subfield code="c">2019</subfield>
  </datafield>
  <datafield tag="300" ind1=" " ind2=" ">
    <subfield code="a">x.39p.</subfield>
    <subfield code="b">ill.</subfield>
    <subfield code="c">29cm.</subfield>
  </datafield>
  <datafield tag="856" ind1=" " ind2=" ">
    <subfield code="u">https://drive.google.com/file/d/1wKTxpeZkjdtaquWzP0Uh7qwSpHXk_QqM/view?usp=share_link</subfield>
  </datafield>
  <datafield tag="942" ind1=" " ind2=" ">
    <subfield code="c">LMA</subfield>
  </datafield>
  <datafield tag="999" ind1=" " ind2=" ">
    <subfield code="c">20504</subfield>
    <subfield code="d">20504</subfield>
  </datafield>
  <datafield tag="952" ind1=" " ind2=" ">
    <subfield code="0">0</subfield>
    <subfield code="1">0</subfield>
    <subfield code="2">ddc</subfield>
    <subfield code="4">0</subfield>
    <subfield code="6">LMA_CHU_2019_000000000000000_B467_OR</subfield>
    <subfield code="7">0</subfield>
    <subfield code="9">91375</subfield>
    <subfield code="a">LBB</subfield>
    <subfield code="b">LBB</subfield>
    <subfield code="c">B467</subfield>
    <subfield code="d">2022-09-14</subfield>
    <subfield code="o">LMA CHU 2019 B467 Or.</subfield>
    <subfield code="p">A068894</subfield>
    <subfield code="r">2022-09-14</subfield>
    <subfield code="w">2022-09-14</subfield>
    <subfield code="y">LMA</subfield>
  </datafield>
  <datafield tag="952" ind1=" " ind2=" ">
    <subfield code="0">0</subfield>
    <subfield code="1">0</subfield>
    <subfield code="2">ddc</subfield>
    <subfield code="4">0</subfield>
    <subfield code="6">LMA_CHU_2019_000000000000000_B467_OR</subfield>
    <subfield code="7">0</subfield>
    <subfield code="9">91376</subfield>
    <subfield code="a">LBB</subfield>
    <subfield code="b">LBB</subfield>
    <subfield code="c">B467</subfield>
    <subfield code="d">2022-09-14</subfield>
    <subfield code="l">5</subfield>
    <subfield code="o">LMA CHU 2019 B467 Or.</subfield>
    <subfield code="p">A069002</subfield>
    <subfield code="r">2023-10-25</subfield>
    <subfield code="s">2023-09-26</subfield>
    <subfield code="w">2022-09-14</subfield>
    <subfield code="y">LMA</subfield>
  </datafield>
  <datafield tag="952" ind1=" " ind2=" ">
    <subfield code="0">0</subfield>
    <subfield code="1">0</subfield>
    <subfield code="2">ddc</subfield>
    <subfield code="4">0</subfield>
    <subfield code="6">LMA_CHU_2019_000000000000000_B467_OR</subfield>
    <subfield code="7">0</subfield>
    <subfield code="9">91377</subfield>
    <subfield code="a">LBB</subfield>
    <subfield code="b">LBB</subfield>
    <subfield code="c">B467</subfield>
    <subfield code="d">2022-09-14</subfield>
    <subfield code="l">1</subfield>
    <subfield code="o">LMA CHU 2019 B467 Or.</subfield>
    <subfield code="p">A069078</subfield>
    <subfield code="r">2023-10-18</subfield>
    <subfield code="s">2023-09-20</subfield>
    <subfield code="w">2022-09-14</subfield>
    <subfield code="y">LMA</subfield>
  </datafield>
  <datafield tag="952" ind1=" " ind2=" ">
    <subfield code="0">0</subfield>
    <subfield code="1">0</subfield>
    <subfield code="2">ddc</subfield>
    <subfield code="4">0</subfield>
    <subfield code="6">LMA_CHU_2019_000000000000000_B467_OR</subfield>
    <subfield code="7">0</subfield>
    <subfield code="9">91378</subfield>
    <subfield code="a">LBB</subfield>
    <subfield code="b">LBB</subfield>
    <subfield code="c">B467</subfield>
    <subfield code="d">2022-09-14</subfield>
    <subfield code="l">1</subfield>
    <subfield code="o">LMA CHU 2019 B467 Or.</subfield>
    <subfield code="p">A063542</subfield>
    <subfield code="r">2023-10-18</subfield>
    <subfield code="s">2023-09-20</subfield>
    <subfield code="w">2022-09-14</subfield>
    <subfield code="y">LMA</subfield>
  </datafield>
  <datafield tag="952" ind1=" " ind2=" ">
    <subfield code="0">0</subfield>
    <subfield code="1">0</subfield>
    <subfield code="2">ddc</subfield>
    <subfield code="4">0</subfield>
    <subfield code="6">LMA_CHU_2019_000000000000000_B467_OR</subfield>
    <subfield code="7">0</subfield>
    <subfield code="9">91379</subfield>
    <subfield code="a">LBB</subfield>
    <subfield code="b">LBB</subfield>
    <subfield code="c">B467</subfield>
    <subfield code="d">2022-09-14</subfield>
    <subfield code="l">4</subfield>
    <subfield code="o">LMA CHU 2019 B467 Or.</subfield>
    <subfield code="p">A43160</subfield>
    <subfield code="r">2025-04-25</subfield>
    <subfield code="s">2025-03-07</subfield>
    <subfield code="w">2022-09-14</subfield>
    <subfield code="y">LMA</subfield>
  </datafield>
</record>
